Statistics for Actor's With "W" in Their Name by Picture

Click here to take the quiz!

General Stats

  • This quiz has been taken 72 times
  • The average score is 5 of 10

Answer Stats

Answer% Correct
Emma Watson
90%
Will Smith
82%
Jennifer Lawrence
76%
Gene Wilder
67%
Ewan McGregor
59%
Patrick Stewart
55%
Michelle Williams
41%
Henry Winkler
39%
Shawn Ashmore
8%
Rosario Dawson
6%

Score Distribution

Percentile by Number Answered

Percent of People with Each Score

Your Score History

You have not taken this quiz